| 000 | 00633nam a2200241 a 4500 | ||
|---|---|---|---|
| 001 | nice12345678 | ||
| 003 | IN_TiNIC | ||
| 005 | 20260116012815.0 | ||
| 008 | 050524s1985 luca grp 000 0 eng | ||
| 020 |
_a _c100 |
||
| 082 | 0 | 0 |
_a297.82 _bNOM |
| 100 | _aNomani, Mohammad Manzoor | ||
| 245 | _aKhomeini, Iranian Revolution and the Shi`te Faith. | ||
| 260 |
_aLucknow _bAlfurqan Book Depot _c1985 |
||
| 300 | _a198p | ||
| 500 | _aincludes index and biblioraphy | ||
| 505 | 2 | _aBibliography | |
| 650 | _aShiah-Doctrines-Khomeini | ||
| 700 | 1 | _aNomani, Mohammad Manzoor | |
| 902 | _bSRS | ||
| 942 | _cBK | ||
| 999 |
_c8457 _d8457 |
||